000
00198 a2200097 4500
001
28067
100
_a
Childerhose, R
245
_a
F-86 SABRE
260
_a
_b
ARCO Pub
_c
1969
090
_c
18764
_d
18764
942
_a
NUST-CAE
_c
M
_c
9740
999
_c
263140
_d
263140